Loading...
A realist theory of science/
| Main Author: | |
|---|---|
| Format: | Printed Book |
| Published: |
London:
Verso,
1995.
|
| Subjects: |
| LEADER | 00522nam a22001571a 4500 | ||
|---|---|---|---|
| 020 | |a 9781859841037 | ||
| 082 | |a 501 |b ROY/R | ||
| 100 | |a Roy Bhaskar |9 169580 | ||
| 245 | |a A realist theory of science/ |c by Roy Bhaskar | ||
| 260 | |a London: |b Verso, |c 1995. | ||
| 300 | |a 284p. | ||
| 650 | |a Science Theory |9 169581 | ||
| 650 | |a Science |9 169582 | ||
| 942 | |c BK | ||
| 999 | |c 37683 |d 37683 | ||
| 952 | |0 0 |1 0 |4 0 |6 501_000000000000000_ROY_R |7 0 |9 54588 |a SSUS |b SSUS |d 2015-01-08 |g 1001.50 |l 1 |o 501 ROY/R |p 037369 |r 2020-11-13 |s 2020-02-19 |v 0.00 |w 2015-01-08 |y BK | ||